Statistics for Wall Builder #2

Click here to take the quiz!

General Stats

  • This quiz has been taken 13 times
  • The average score is 5 of 25

Answer Stats

QuestionAnswer% Correct
What is the second highest mountain in the world?K2
100%
The first letter of the above mountain is used to represent which element?Potassium
90%
Which fruit is known for containing high quantities of the above element?Banana
90%
In which sport might you hear the above word?Golf
40%
Complete the Eagles song using the above word.California
40%
With reference to a certain alphabet, what would come after the above word?Hotel
30%
Travelling west from the above will most likely get you into which country?Japan
30%
Which country is the largest exporter of the above fruit?Ecuador
20%
Which animal appears on the above country's coat of arms?Condor
20%
The capital of the above country was known by what name before 1869?Edo
20%
Unscramble the above word to produce a female animal.Doe
20%
The above is also what type of food?Pizza
10%
From which town did the above (in the form we recognise it as today) originate?Naples
10%
With reference to a certain movie, what word would come after the above word?Ray
10%
Now name another famous violinist who shares their last name with the above violinist.Eddy Chen
0%
Starting with L, what single word has become a meme relating to the above violinist?Lamentable
0%
From which TV show did the above meme originate?University Challenge
0%
Who is the current host of the above TV show?Jeremy Paxman
0%
In the above's last name you will find a Latin word. What is its English equivalent?Peace
0%
Which author wrote the famous novel including both the above word and its antonym?Leo Tolstoy
0%
From which country was the above author?Russia
0%
What is the national flower of the above country?Camomile
0%
Closely related to the above is which flower, with scientific name Bellis perennis?Daisy
0%
Translate the above into Italian.Margherita
0%
Name a famous violinist who shares their name with the above word.Ray Chen
0%

Score Distribution

Percentile by Number Answered

Percent of People with Each Score

Your Score History

You have not taken this quiz